000 01311nam0a2200397 4500
001 RU\NLR\bibl\168791
005 20250618055728.0
010 _a5-94176-029-9
_930000
021 _aRU
_b2001-15841
_9737
035 _a(NLR Aleph) 000165594
090 _a953218
_c953218
100 _a20010622d2001 |||y0rusy50 ca
101 0 _arus
102 _aRU
105 _aa |||||||||
200 1 _aТвой стиль
_e[Практ. советы по созданию своего имиджа
_fЛ. Ю. Болдырева]
210 _aЕкатеринбург
_cУ-Фактория
_d2001
215 _a381 с.
_cил.
_d21
225 1 _aСовременная женщина
300 _aАвт. указан на обл.
606 0 _aЖенщины
_xИмидж
_92190257
_3RU\NLR\auth\661316659
610 0 _aИмидж
610 0 _aКультура поведения
610 0 _aДомоводство
610 0 _aЖенщина - Здоровье и гигиена
675 _a316.728-055.2
_v3
_zrus
686 _a04
_2rugasnti
686 _a60.56
_2rubbk
686 _aС550:535
700 1 _aБолдырева
_bЛ. Ю.
_4070
801 0 _aRU
_bRKP
_c20010622
_gPSBO
801 1 _aRU
_bRKP
_c20010622
801 2 _aRU
_bNLR
_c20010725
_grcr
942 _cBOOK
980 _aNB